000 00473nam a22001697a 4500
003 CEME
005 20210628204029.0
008 210105b xxu||||| |||| 00| 0 eng d
020 _a978052149502
040 _cceme
082 _a515.64 GEO
100 _aJurdjevic, Velimir
_968336
245 _aGeometric control theory, cambridge studies in advanced mathematics 52
260 _aNEW YORK
_bCAMBRIDGE UNIVERSITY PRESS
_c1997
300 _aXVIII, 491P
942 _cBK
_2ddc
999 _c575937
_d575937